[Event "Rilton Cup 33rd"]
[Site "Stockholm"]
[Date "2003.12.28"]
[Round "2"]
[White "Johnsen, Sylvia"]
[Black "Miskulin, Dennis"]
[Result "0-1"]
[WhiteElo "2102"]
[BlackElo "2156"]
[PlyCount "86"]
[EventDate "2003.12.27"]
[EventType "swiss"]
[EventRounds "9"]
[EventCountry "SWE"]
[SourceTitle "CBM 097 Extra"]
[Source "ChessBase"]
[SourceDate "2004.01.13"]
[SourceVersion "1"]
[SourceVersionDate "2004.01.13"]
[SourceQuality "1"]

1. e4 c5 2. c3 e6 3. d4 d5 4. exd5 exd5 5. Nf3 Nc6 6. Be2 Nf6 7. 0-0 Be7 8. Na3 0-0 9. Nc2 Re8 10. Re1 h6 11. Ne3 Be6 12. Bb5 Qb6 13. Ba4 Red8 14. Ne5 cxd4 15. Nxc6 bxc6 16. Qxd4 Qxd4 17. cxd4 Rdc8 18. Bd2 Ne4 19. Ba5 c5 20. dxc5 Nxc5 21. Bd1 d4 22. Nd5 Bd6 23. Bf3 Rab8 24. Rad1 Rxb2 25. Rxd4 Rxa2 26. Nb4 Rxa5 27. Rxd6 Ra3 28. Nc6 Kh7 29. Rc1 Nb7 30. Be4+ g6 31. Rdd1 Na5 32. Nd8 Rxc1 33. Rxc1 Nb3 34. Re1 Bc4 35. h4 h5 36. Re3 Ra1+ 37. Kh2 Rd1 38. Nc6 Nd2 39. Nxa7 Nf1+ 40. Kh3 Be6+ 41. g4 Nxe3 42. fxe3 Re1 43. Kg3 Rg1+ 0-1